| 000 | 00798nam a2200205 a 4500 | ||
|---|---|---|---|
| 003 | 0 | ||
| 005 | 20250311131659.0 | ||
| 008 | 080728s19uu xx 00 eng d | ||
| 050 |
_aPGS PN 1995.9.C4.M68 _b.P235 2008 |
||
| 100 | _aPark, Daseul. | ||
| 245 |
_aThe movie preferences of International Learning Center (ILC) lower school students. _cDaseul Park. |
||
| 260 |
_aLas PiƱas City, Philippines : _bSouthville International School and Colleges, _c2008. |
||
| 300 |
_a26 pages : _billustrations ; _c28 cm. |
||
| 504 | _aIncludes bibliographical references. | ||
| 650 |
_aChildren _vAttitudes _vMotion pictures. |
||
| 650 | _aMotion pictures and children. | ||
| 650 |
_aStudents _vAttitudes _vMotion pictures. |
||
| 650 | _aEducational aspects of motion pictures. | ||
| 942 |
_2lcc _cPASS |
||
| 999 |
_c97969 _d97969 |
||